Rejestracje niemieckich miast - Statystyki

Ogólne statystyki
  • Ten quiz został rozwiązany 97 razy
  • Średni wynik to 13 z 29
Statystyki odpowiedzi
REJESTRACJA MIASTO % Poprawnych
B Berlin
87%
HH Hamburg
87%
M Monachium
83%
DO Dortmund
76%
L Lipsk
68%
K Kolonia
64%
D Dusseldorf
62%
DD Drezno
59%
H Hanower
51%
E Essen
49%
F Frankfurt nad Menem
49%
WOB Wolfsburg
43%
N Norymberga
42%
S Stuttgart
42%
ROS Rostock
41%
A Augsburg
38%
MD Magdeburg
38%
DU Duisburg
36%
P Poczdam
34%
J Jena
33%
BN Bonn
32%
BI Bielefeld
30%
EF Erfurt
30%
OS Osnabruck
28%
C Chemnitz
20%
W Wuppertal
18%
G Gera
13%
MS Munster
8%
KN Konstancja
4%
Nie znaleziono quizów pasujących do podanych kryteriów
Rozkład punktacji
Procent ludzi z każdym wynikiem
Percentyl według liczby udzielonych odpowiedzi
Twoja historia wyników
Nie rozwiązałeś tego quizu